00699nam a2200241 a 4500001001300000003000900013005001700022008004100039020002300080082001800103100001700121245002300138260003200161300000900193500003500202505003400237650001800271700001700289902000800306942000700314952011900321999001700440nice12345678IN_TiNIC20260116013836.0050524s1997 dela grp 000 0 eng  a8124175 c79500a954.0359bBHA aBhatia, Prem aWitness to History aDelhibHar Anand Pub c1997 a500p aincludes index and biblioraphy2 aGlossary, Bibliography, Index aIndia-History1 aBhatia, Prem bSRS cBK 001040708StackRoom-aHMIbHMId2007-04-04g795.00l0o954.0359 BHAp018143r2007-04-04v795.00w2005-05-24yBK c12773d12773